Państwa z najniższym wskaźnikiem IQ - Statystyki

Ogólne statystyki
  • Ten quiz został rozwiązany 425 razy
  • Średni wynik to 5 z 10
Statystyki odpowiedzi
Wskaźnik IQ Odpowiedź % Poprawnych
67 Nigeria
71%
65 Demokratyczna Republika Konga
70%
72 Sudan
65%
63 Etiopia
61%
66 Gwinea
50%
72 Tanzania
41%
59 Gwinea Równikowa
39%
71 Ghana
36%
66 Zimbabwe
35%
64 Sierra Leone
30%
Nie znaleziono quizów pasujących do podanych kryteriów
Rozkład punktacji
Procent ludzi z każdym wynikiem
Percentyl według liczby udzielonych odpowiedzi
Twoja historia wyników
Nie rozwiązałeś tego quizu